=LDR 00000nam 2200000 4500 =001 INLIS000000000017340 =005 20170311143155.0 =006 =007 =008 Ind =035 ##$$0010-061300000017340 =041 ##$$a Ind =082 ##$$a 621.31 =090 ##$$a 621.31, Ari b =100 ##$$a Arismunandar, Artono =245 ##$$a Buku pegangan teknik tenaga listrik, Artono Arismunandar =260 ##$$a 1983 $b Jakarta =300 ##$$a ...jil, ilus, 26 cm =650 ##$$a Listrik Tenaga =850 ##$$a NBPNMAT =990 ##$$a 92396/BPAP-NTB/2014 =990 ##$$a 92669266 =990 ##$$a 20601325 =990 ##$$a 20601324 =990 ##$$a 20601326 =990 ##$$a 20601327 =990 ##$$a 20601320 =990 ##$$a 20601321 =990 ##$$a 20601322 =990 ##$$a 20601323 =990 ##$$a 10406488 =990 ##$$a 10406489 =990 ##$$a 10406490 =990 ##$$a 10406491 =990 ##$$a 92396/BPAP-NTB/2014 =990 ##$$a 21602323/BPAP-NTB/2017 =990 ##$$a 21602324/BPAP-NTB/2017 =990 ##$$a 01201436120